000 00467nam a22001817a 4500
001 TVUNI
005 20260126014636.0
008 221102s2008 vm vie d
020 _c52000
040 _aTVUNI
_eAACR2
041 0 _avie
100 1 _aLê, Thị Thanh
245 1 0 _aGiáo trình pháp luật kinh tế /
_cLê Thị Thanh
260 _aHà Nội :
_bTài Chính,
_c2008
300 _a343 tr. ;
_c24 cm.
942 _2ddc
_cBK
999 _c2129
_d2129
912 _a1
_bHiển Phạm